| 000 | 00852nam a2200265Ia 4500 | ||
|---|---|---|---|
| 999 |
_c55665 _d55665 |
||
| 001 | 22760 | ||
| 003 | GE_BSU | ||
| 005 | 20220527125131.0 | ||
| 008 | 181216s2012||||gw |||||||||||||| ||gem|| | ||
| 020 | _a9783708908397 | ||
| 040 | _cGE_BSU | ||
| 041 | _agem | ||
| 080 | _a811.112.1 K-13 | ||
| 100 |
_aKadric, Mira _913858 |
||
| 245 |
_aTranslatorische Methodik. 5 : _bUberarbeitete Auflage / _c Mira Kadric, Klaus Kaindl, Michèle Cooke. |
||
| 264 |
_aWien : _bFacultas Verlags, _c2012. |
||
| 300 |
_a175 p.: _b24 cm. |
||
| 653 | _aTranslatorische Methodik | ||
| 653 | _aUberarbeitete Auflage | ||
| 653 | _aметодика перевода | ||
| 653 | _aთარგმნის მეთოდიკა | ||
| 700 |
_aKaindl, Klaus _eავტორი _913859 |
||
| 700 |
_aCooke, Michèle _eავტორი _913860 |
||
| 942 |
_cBK _2udc |
||